000 00453nam a2200193Ia 4500
005 20250923150322.0
008 008 250917s9999 xx 000 0 eng d
037 _aTextual
040 _aDSWL
_beng
_cDSWL
041 _aeng
_2eng
084 _qDSWL
245 0 _aWomen and law
_cEd.by Kannabiran K
260 _aDelhi
_bSage
_c2014
300 _a305p.
365 _aINR
_b995
925 _g995
942 _cTEXL
999 _c1462117
_d1462117